<?xml version="1.0" encoding="UTF-8"?><?xml-stylesheet type="text/xsl" href="static/style.xsl"?><OAI-PMH xmlns="http://www.openarchives.org/OAI/2.0/" xmlns:xsi="http://www.w3.org/2001/XMLSchema-instance" xsi:schemaLocation="http://www.openarchives.org/OAI/2.0/ http://www.openarchives.org/OAI/2.0/OAI-PMH.xsd"><responseDate>2026-04-28T15:32:25Z</responseDate><request verb="GetRecord" identifier="oai:riubu.ubu.es:10259/10727" metadataPrefix="marc">https://riubu.ubu.es/oai/request</request><GetRecord><record><header><identifier>oai:riubu.ubu.es:10259/10727</identifier><datestamp>2025-07-22T00:05:18Z</datestamp><setSpec>com_10259_9431</setSpec><setSpec>com_10259_5087</setSpec><setSpec>com_10259_2728</setSpec><setSpec>col_10259_9432</setSpec></header><metadata><record xmlns="http://www.loc.gov/MARC21/slim" xmlns:doc="http://www.lyncode.com/xoai" xmlns:xsi="http://www.w3.org/2001/XMLSchema-instance" xmlns:dcterms="http://purl.org/dc/terms/" xsi:schemaLocation="http://www.loc.gov/MARC21/slim http://www.loc.gov/standards/marcxml/schema/MARC21slim.xsd">
<leader>00925njm 22002777a 4500</leader>
<datafield tag="042" ind1=" " ind2=" ">
<subfield code="a">dc</subfield>
</datafield>
<datafield tag="720" ind1=" " ind2=" ">
<subfield code="a">Bujanda Berrueta, Uxue</subfield>
<subfield code="e">author</subfield>
</datafield>
<datafield tag="260" ind1=" " ind2=" ">
<subfield code="c">2025-07-11</subfield>
</datafield>
<datafield tag="520" ind1=" " ind2=" ">
<subfield code="a">La escritura es una habilidad compleja que implica la integración de aspectos físicos,&#xd;
sensoriales y mentales. En el ámbito escolar, la disgrafía motriz se manifiesta a través de&#xd;
letras deformes, lentitud, líneas inestables y fatiga al escribir entre otros signos de&#xd;
manifiesto. Un factor poco considerado en estas dificultades es la lateralidad cruzada, que&#xd;
ocurre cuando el niño/a no presenta una dominancia definida en mano, ojo o pie, lo que&#xd;
afecta la coordinación y la automatización de los movimientos gráficos que intervienen&#xd;
en la escritura. Esta indefinición puede generar errores en la calidad del trazo. Diversos&#xd;
estudios afirman que la lateralidad cruzada representa un riesgo importante para el&#xd;
aprendizaje, ya que implica un uso desorganizado de los hemisferios cerebrales afectando&#xd;
el proceso lectoescritor. Por ello, el presente Trabajo de Fin de Grado busca abordar esta&#xd;
problemática desde una perspectiva integral desde la detección temprana del trastorno&#xd;
hasta la elaboración de una guía práctica dirigida a docentes y familias, con el fin de&#xd;
favorecer el desarrollo de una lateralidad homogénea a través de la mejora de la&#xd;
motricidad fina, facilitando así una escritura más eficaz, automatizada y funcional que&#xd;
superen las dificultades de la propia disgrafía propiamente dicha.</subfield>
</datafield>
<datafield tag="520" ind1=" " ind2=" ">
<subfield code="a">Writing is a complex skill that involves the integration of physical, sensory and mental&#xd;
aspects. In the school environment, motor dysgraphia manifests itself through deformed&#xd;
letters, slowness, unstable lines and fatigue when writing, among other obvious signs. A&#xd;
factor little considered in these difficulties is crossed laterality, which occurs when the&#xd;
child does not present a defined dominance in hand, eye or foot, which affects the&#xd;
coordination and automation of the graphic movements involved in writing. This lack of&#xd;
definition can lead to errors in the quality of the handwriting. Several studies affirm that&#xd;
crossed laterality represents an important risk for learning, since it implies a disorganized&#xd;
use of the cerebral hemispheres affecting the reading and writing process. Therefore, this&#xd;
thesis seeks to address this problem from a comprehensive perspective, from early&#xd;
detection of the disorder to the development of a practical guide for teachers and families,&#xd;
to promote the development of a homogeneous laterality through the improvement of fine&#xd;
motor skills, thus facilitating a more efficient, automated and functional writing that&#xd;
overcomes the difficulties of dysgraphia itself.</subfield>
</datafield>
<datafield tag="024" ind2=" " ind1="8">
<subfield code="a">https://hdl.handle.net/10259/10727</subfield>
</datafield>
<datafield ind1=" " ind2=" " tag="653">
<subfield code="a">Disgrafía</subfield>
</datafield>
<datafield ind1=" " ind2=" " tag="653">
<subfield code="a">Aprendizaje de la escritura</subfield>
</datafield>
<datafield ind1=" " ind2=" " tag="653">
<subfield code="a">Comorbilidad</subfield>
</datafield>
<datafield ind1=" " ind2=" " tag="653">
<subfield code="a">Educación</subfield>
</datafield>
<datafield ind1=" " ind2=" " tag="653">
<subfield code="a">Pedagogía</subfield>
</datafield>
<datafield ind1=" " ind2=" " tag="653">
<subfield code="a">Propiocepción</subfield>
</datafield>
<datafield ind1=" " ind2=" " tag="653">
<subfield code="a">Lateralidad</subfield>
</datafield>
<datafield ind1=" " ind2=" " tag="653">
<subfield code="a">Dysgraphia</subfield>
</datafield>
<datafield ind1=" " ind2=" " tag="653">
<subfield code="a">Learning to write</subfield>
</datafield>
<datafield ind1=" " ind2=" " tag="653">
<subfield code="a">Comorbidity</subfield>
</datafield>
<datafield ind1=" " ind2=" " tag="653">
<subfield code="a">Education</subfield>
</datafield>
<datafield ind1=" " ind2=" " tag="653">
<subfield code="a">Pedagogy</subfield>
</datafield>
<datafield ind1=" " ind2=" " tag="653">
<subfield code="a">Proprioception</subfield>
</datafield>
<datafield ind1=" " ind2=" " tag="653">
<subfield code="a">Laterality</subfield>
</datafield>
<datafield tag="245" ind1="0" ind2="0">
<subfield code="a">El enigma oculto de la escritura</subfield>
</datafield>
</record></metadata></record></GetRecord></OAI-PMH>